[Event "NRW-ch U12"]
[Site "Kranenburg"]
[Date "2007.04.10"]
[Round "2"]
[White "Plotnikov, Max"]
[Black "Eigemann, Julian"]
[Result "1/2-1/2"]
[WhiteElo "1245"]
[BlackElo "1468"]
[PlyCount "47"]
[EventDate "2007.04.09"]
[EventType "swiss"]
[EventRounds "7"]
[EventCountry "GER"]
[SourceTitle "EXT 2008"]
[Source "ChessBase"]
[SourceDate "2007.11.25"]
[SourceVersion "1"]
[SourceVersionDate "2007.11.25"]
[SourceQuality "1"]

1. e4 e5 2. Nf3 d6 3. Bc4 Be7 4. Nc3 Nf6 5. d3 0-0 6. 0-0 Nbd7 7. Bg5 c6 8. h3 Re8 9. Re1 Bf8 10. Qd2 g6 11. Bh6 Bg7 12. Bxg7 Kxg7 13. Ng5 Re7 14. d4 exd4 15. Qxd4 h6 16. Nf3 Nb6 17. e5 Kg8 18. exf6 Rxe1+ 19. Rxe1 c5 20. Qd3 Bf5 21. Qe2 Qxf6 22. Bd3 Be6 23. a3 c4 24. Be4 1/2-1/2

[Event "GER-chT U12"]
[Site "Verden an der Aller"]
[Date "2006.12.28"]
[Round "4.2"]
[White "Plotnikov, Max"]
[Black "Sarchisov, Slavik"]
[Result "0-1"]
[WhiteElo "1356"]
[BlackElo "1738"]
[PlyCount "128"]
[EventDate "2006.12.27"]
[EventType "team-swiss"]
[EventRounds "7"]
[EventCountry "GER"]
[SourceTitle "EXT 2008"]
[Source "ChessBase"]
[SourceDate "2007.11.25"]
[SourceVersion "1"]
[SourceVersionDate "2007.11.25"]
[SourceQuality "1"]
[WhiteTeam "Hohenlimburg Turm U12"]
[BlackTeam "Karlsruhe 1853 U12"]
[WhiteTeamCountry "GER"]
[BlackTeamCountry "GER"]

1. d4 d6 2. c4 Nf6 3. Bg5 Nbd7 4. Nc3 h6 5. Bxf6 Nxf6 6. e3 g6 7. Nf3 Bg7 8. Bd3 0-0 9. 0-0 c6 10. Qc2 Qc7 11. Rfe1 e5 12. Rad1 Bg4 13. Be2 Rfe8 14. h3 Bd7 15. b3 Re7 16. dxe5 dxe5 17. e4 Nh5 18. Rd2 Nf4 19. Bf1 Rd8 20. Red1 Ree8 21. Ne2 Bc8 22. Rxd8 Rxd8 23. Rxd8+ Qxd8 24. Qd2 Qxd2 25. Nxd2 Ne6 26. Nc3 Bf8 27. Nf3 f6 28. Bd3 Bc5 29. Na4 Kf7 30. Nxc5 Nxc5 31. Bc2 Be6 32. Kf1 Ke7 33. Ke2 Kd6 34. Ke3 a5 35. a4 Na6 36. Nd2 Kc5 37. f3 Kb4 38. Nb1 Nc5 39. Nd2 Kc3 40. Bd1 f5 41. Ke2 f4 42. Nb1+ Kb2 43. Nd2 g5 44. Ke1 h5 45. Ke2 Bd7 46. Ke1 Bc8 47. Ke2 Ne6 48. Ke1 Nd4 49. Kf2 Be6 50. Ke1 Kc1 51. Nf1 b5 52. Nd2 bxa4 53. bxa4 c5 54. Bb3 Kb2 55. Bd1 Kc3 56. Nb1+ Kxc4 57. Kd2 Kb4 58. Kd3 c4+ 59. Kd2 Nb3+ 60. Bxb3 cxb3 61. Nc3 Bd7 62. Nd5+ Ka3 63. Kc1 b2+ 64. Kb1 Bxa4 0-1

[Event "GER-chT U12"]
[Site "Verden"]
[Date "2005.12.29"]
[Round "6.3"]
[White "Draeger, Robin"]
[Black "Plotnikov, Max"]
[Result "0-1"]
[WhiteElo "980"]
[BlackElo "1293"]
[PlyCount "24"]
[EventDate "2005.12.27"]
[EventType "team-swiss"]
[EventRounds "7"]
[EventCountry "GER"]
[SourceTitle "CBM 110 Extra"]
[Source "ChessBase"]
[SourceDate "2006.03.10"]
[SourceVersion "2"]
[SourceVersionDate "2006.03.10"]
[SourceQuality "1"]

1. e4 c5 2. Nf3 Nc6 3. d4 e6 4. Nc3 Qb6 5. Ne2 Nf6 6. e5 Nd5 7. g3 cxd4 8. Nexd4 Nxd4 9. Be3 Nxe3 10. Nxd4 Nxd1 11. Rxd1 Bc5 12. Nb3 Bxf2+ 0-1